Edificios para enseñanzas profesionales (Record no. 77840)

MARC details
000 -LEADER
fixed length control field 00806nam a22002177a 4500
005 - DATE AND TIME OF LATEST TRANSACTION
control field 20251216144652.0
008 - FIXED-LENGTH DATA ELEMENTS--GENERAL INFORMATION
fixed length control field 140904t mx||||| |||| 00| 0 spa d
020 ## - INTERNATIONAL STANDARD BOOK NUMBER
International Standard Book Number 9686085505
050 04 - LIBRARY OF CONGRESS CALL NUMBER
Classification number LB3219.D4
Item number W55 1982
100 1# - MAIN ENTRY--PERSONAL NAME
Personal name Wild, Friedemann
245 10 - TITLE STATEMENT
Title Edificios para enseñanzas profesionales
Remainder of title : talleres-escuelas, escuelas de formación profesional, centros de capacitación
Statement of responsibility, etc / Friedemann Wild ; redacción Ingeborg Nebel
250 ## - EDITION STATEMENT
Edition statement 3a ed.
260 ## - PUBLICATION, DISTRIBUTION, ETC. (IMPRINT)
Place of publication, distribution, etc México :
Name of publisher, distributor, etc Gustavo Gili,
Date of publication, distribution, etc 1982
300 ## - PHYSICAL DESCRIPTION
Extent 132 p :
Other physical details il ;
Dimensions 27 cm.
490 0# - SERIES STATEMENT
Series statement Proyecto y Planificación ;
Volume number/sequential designation 5
504 ## - BIBLIOGRAPHY, ETC. NOTE
Bibliography, etc Incluye índice
650 #4 - SUBJECT ADDED ENTRY--TOPICAL TERM
Topical term or geographic name as entry element Escuelas
General subdivision Edificios
-- Diseño y construcción
650 #4 - SUBJECT ADDED ENTRY--TOPICAL TERM
Topical term or geographic name as entry element Escuelas
General subdivision Diseño y construcción
-- Dinamarca
700 1# - ADDED ENTRY--PERSONAL NAME
Personal name Nebel, Ingeborg,
Relator term redacción
942 ## - ADDED ENTRY ELEMENTS (KOHA)
Source of classification or shelving scheme Biblioteca del Cogreso de los Estados Unidos
Koha item type Libro
Holdings
Estado de pérdida Fuente de clasificación Estado del daño No para préstamo Ubicación permanente Ubicación actual Apartado o colección Fecha de adquisición Edición Enumeración de Serie / Cronológica Área del conocimiento Clasificación Código de Barras Date last seen Número de copia Tipo de recurso
  Biblioteca del Cogreso de los Estados Unidos     Biblioteca de la Unidad de Ciencias Ingeniería y Humanidades Biblioteca de la Unidad de Ciencias Ingeniería y Humanidades General 04/09/2014 3a. ed. BCU000013505 Ingeniería y Tecnología LB3219.D5 W54 1982 BCU000013505 16/01/2015 C : 1 Libro